000 00278nam a22001217a 4500
008 171207b xxu||||| |||| 00| 0 eng d
041 _aeng
080 _a616.8
100 _a26
101 _aNEU
245 _aTHE NERVOUS SYSTEM AND ITS DISEASES
_cMILLS,CH,K
942 _2udc
_cBK
999 _c38823
_d38823